| 000 | 00630nam a2200217 a 4500 | ||
|---|---|---|---|
| 999 |
_c1463 _d1463 |
||
| 001 | 1463 | ||
| 003 | BD-JhCC | ||
| 005 | 20171019170754.0 | ||
| 008 | 171019s1970 bg ||||| |||| 00| 0 b d | ||
| 035 | _a(BD-JhCC) 1463 | ||
| 040 |
_aBD-JhCC _dBD-JhCC |
||
| 041 | _aben | ||
| 082 |
_a891.443 _bVTA 1970 |
||
| 100 | _aভট্টাচার্য, অজয় | ||
| 245 |
_aকুলিমেম / _cঅজয় ভট্টাচার্য |
||
| 260 |
_aঢাকা : _bমু্ক্তধারা, _c1970 |
||
| 300 |
_a223 p. : _c20 cm |
||
| 650 |
_aBengali Novel _zBengladesh |
||
| 942 |
_2ddc _cBK |
||